| 000 | 01172nam a2200289 i 4500 | ||
|---|---|---|---|
| 001 | 12626 | ||
| 003 | ES-MaACL | ||
| 005 | 20230906150348.0 | ||
| 007 | t| | ||
| 008 | 890922s1987 sp ||||0| spa j | ||
| 016 | 7 | _zSAB9000059990 | |
| 020 | _a84-7472-075-3 | ||
| 040 |
_aM-BN-DP _bspa _cM-BN-DP |
||
| 080 | _a027(464.1 Escorial)(091) | ||
| 080 | _a091=927(464.1 Escorial-81) | ||
| 100 | 1 |
_aJustel Calabozo, Braulio. _967356 |
|
| 245 | 1 | 3 |
_aLa Real Biblioteca de El Escorial y sus manuscritos árabes _b: sinopsis histórico-descriptiva / _cBraulio Justel Calabozo. |
| 250 | _a2ª ed. | ||
| 260 |
_aMadrid : _bInstituto Hispano-Arabe de Cultura, _c1987. |
||
| 300 |
_a290 p., [2] h. de lám. col. pleg., [4] p. de lám. col ; _c21 cm. |
||
| 500 | _aEn la port.: Patrimonio Nacional, Secretaría de Estado de Cooperación Internacional y para Iberoamérica. | ||
| 504 | _aBibliografía: p. 261-288. | ||
| 610 | 2 |
_aMonasterio de El Escorial. Biblioteca- _vHistoria. _95732 |
|
| 650 | 4 |
_aManuscritos árabes- _zMonasterio de El Escorial. Biblioteca. _914759 |
|
| 710 | 2 |
_aInstituto Hispano-Árabe de Cultura. _9162165 |
|
| 852 |
_aES-MaACL _jL-20084 _bR.116967 |
||
| 999 |
_c12626 _d12626 |
||